Conseillers d'État Fribourgeois (2023) - Statistiques

Statistiques générales
  • Ce quiz a été pris 33 fois
  • Le résultat moyen est 5 sur 7
Statistiques - réponses
Direction Nom du conseiller Parti polituqe % Correct
Direction des institutions, de l'agriculture et des forêts (DIAF) Didier Castella PLR
82%
Direction du développement territorial, des infrastructures, de la mobilité et de l’environnement (DIME) Jean-François Steiert PS
76%
Direction des finances (DFIN) Jean-Pierre Siggen le Centre
76%
Direction de la formation et des affaires culturelles (DFAC) Sylvie Bonvin-Sansonnens les VERT-E-S
71%
Direction de la sécurité, de la justice et du sport (DSJS) Romain Collaud PLR
65%
Direction de la santé et des affaires sociales (DSAS) Philippe Demierre UDC
59%
Direction de l'économie, de l'emploi et de la formation professionnelle (DEEF) Olivier Curty le Centre
47%
Aucun quiz correspondant
Distribution des résultats
% des personnes avec chaque résultat
Percentile par nombre de réponses
Votre historique - résultats
Vous n’avez pas pris ce quiz